[Event "FIDE World Cup"]
[Site "Baku"]
[Date "2023.07.30"]
[Round "1.1"]
[White "Mamedov, Nidjat"]
[Black "Schitco, Ivan"]
[Result "1/2-1/2"]
[WhiteElo "2589"]
[BlackElo "2507"]
[PlyCount "60"]
[EventDate "2023.07.30"]
[EventType "k.o."]
[EventRounds "8"]
[EventCountry "AZE"]
[SourceTitle "EXT 2024"]
[Source "ChessBase"]
[SourceDate "2023.10.10"]
[SourceVersion "1"]
[SourceVersionDate "2023.10.10"]
[SourceQuality "1"]

1. e4 e5 2. Nf3 Nc6 3. Bb5 Nf6 4. 0-0 Nxe4 5. d4 Nd6 6. Bxc6 dxc6 7. dxe5 Nf5 8. Qxd8+ Kxd8 9. Nc3 Bd7 10. b3 Kc8 11. Bb2 Be7 12. Rad1 h5 13. Ne4 a5 14. a4 c5 15. Rfe1 Ra6 16. Ba3 Bc6 17. Nfg5 Bxe4 18. Nxe4 Re8 19. f4 Rc6 20. Rd5 b6 21. Kf2 c4 22. Bxe7 Rxe7 23. Ng5 cxb3 24. cxb3 Rc2+ 25. Re2 Rxe2+ 26. Kxe2 c6 27. Rd3 Kc7 28. Nf3 Re8 29. Ng5 Re7 30. Nf3 Re8 1/2-1/2

[Event "AZE-ch Prelim 76th"]
[Site "Nakhchivan"]
[Date "2022.02.08"]
[Round "4"]
[White "Durarbayli, Vasif"]
[Black "Mamedov, Nidjat"]
[Result "1/2-1/2"]
[WhiteElo "2615"]
[BlackElo "2604"]
[PlyCount "62"]
[EventDate "2022.02.05"]
[EventType "swiss"]
[EventRounds "9"]
[EventCountry "AZE"]
[SourceTitle "CBM 206 Extra"]
[Source "ChessBase"]
[SourceDate "2022.03.31"]
[SourceVersion "1"]
[SourceVersionDate "2022.03.31"]
[SourceQuality "1"]

1. e4 e5 2. Nf3 Nc6 3. Bb5 a6 4. Ba4 Nf6 5. 0-0 Be7 6. d3 d6 7. c4 0-0 8. h3 Nd4 9. Nxd4 exd4 10. Nd2 Nd7 11. Nf3 c5 12. Bf4 Qc7 13. b4 b6 14. Rb1 Ne5 15. Bg3 Nxf3+ 16. Qxf3 Be6 17. Rfc1 Rab8 18. a3 Bf6 19. Qe2 g6 20. bxc5 bxc5 21. Qf1 Bg7 22. Rxb8 Rxb8 23. Rb1 h6 24. Rxb8+ Qxb8 25. Qc1 Qb6 26. Bf4 h5 27. Qc2 Kh7 28. Qb3 Qc7 29. Qd1 Qb6 30. Qb3 Qc7 31. Qd1 Qb6 1/2-1/2

[Event "AZE-ch Prelim 76th"]
[Site "Nakhchivan"]
[Date "2022.02.06"]
[Round "2"]
[White "Ahmadzada, Ahmad Samir"]
[Black "Mamedov, Nidjat"]
[Result "1/2-1/2"]
[WhiteElo "2467"]
[BlackElo "2604"]
[PlyCount "37"]
[EventDate "2022.02.05"]
[EventType "swiss"]
[EventRounds "9"]
[EventCountry "AZE"]
[SourceTitle "CBM 206 Extra"]
[Source "ChessBase"]
[SourceDate "2022.03.31"]
[SourceVersion "1"]
[SourceVersionDate "2022.03.31"]
[SourceQuality "1"]

1. e4 e5 2. Nf3 Nf6 3. Nxe5 d6 4. Nf3 Nxe4 5. d3 Nf6 6. d4 Be7 7. Bd3 Bg4 8. 0-0 0-0 9. h3 Bh5 10. Re1 Re8 11. c3 Nc6 12. Bf4 Bf8 13. Rxe8 Qxe8 14. Nbd2 Qd7 15. Qb3 Na5 16. Qa3 Nc6 17. Qb3 Na5 18. Qa3 Nc6 19. Qb3 1/2-1/2

[Event "EU-ch 21st"]
[Site "Reykjavik"]
[Date "2021.08.26"]
[Round "1"]
[White "Pappelis, Dimitrios"]
[Black "Mamedov, Nidjat"]
[Result "1/2-1/2"]
[WhiteElo "2160"]
[BlackElo "2595"]
[PlyCount "68"]
[EventDate "2021.08.26"]
[EventType "swiss"]
[EventRounds "11"]
[EventCountry "ISL"]
[SourceTitle "CBM 204"]
[Source "ChessBase"]
[SourceDate "2021.10.31"]
[SourceVersion "1"]
[SourceVersionDate "2021.10.31"]
[SourceQuality "1"]

1. c4 e5 2. Nc3 Nf6 3. Nf3 Nc6 4. e3 Bb4 5. Qc2 0-0 6. a3 Bxc3 7. Qxc3 Re8 8. b4 d5 9. Bb2 d4 10. Qb3 Bg4 11. Be2 Qe7 12. h3 Bh5 13. Rc1 Rad8 14. c5 a6 15. Qc4 dxe3 16. dxe3 e4 17. Nd2 Ne5 18. Bxe5 Qxe5 19. Bxh5 Qxh5 20. Qe2 Qh6 21. 0-0 Rd5 22. Nc4 Rg5 23. f4 exf3 24. Qxf3 Rd5 25. Rcd1 Rxd1 26. Rxd1 Qh4 27. Rd4 Qe1+ 28. Kh2 c6 29. Qg3 Qxg3+ 30. Kxg3 Kf8 31. Kf3 Ke7 32. Nd6 Rb8 33. e4 g6 34. Nc4 Ne8 1/2-1/2

[Event "AZE-ch Prelim 75th"]
[Site "Nakhchivan"]
[Date "2021.05.13"]
[Round "10"]
[White "Suleymanli, Aydin Elshan"]
[Black "Mamedov, Nidjat"]
[Result "1/2-1/2"]
[WhiteElo "2535"]
[BlackElo "2609"]
[PlyCount "80"]
[EventDate "2021.05.04"]
[EventType "tourn"]
[EventRounds "11"]
[EventCountry "AZE"]
[EventCategory "11"]
[SourceTitle "CBM 202 Extra"]
[Source "ChessBase"]
[SourceDate "2021.07.31"]
[SourceVersion "1"]
[SourceVersionDate "2021.07.31"]
[SourceQuality "1"]

1. d4 d5 2. c4 c6 3. Nc3 Nf6 4. Nf3 dxc4 5. a4 Bf5 6. e3 e6 7. Bxc4 Bb4 8. 0-0 Nbd7 9. Qe2 0-0 10. Ne5 Qa5 11. e4 Bg6 12. Nxg6 hxg6 13. e5 Nd5 14. Ne4 c5 15. Bxd5 exd5 16. Ng5 Rfe8 17. Qf3 Re7 18. Qxd5 cxd4 19. Qxd4 Nf8 20. Bf4 Rd8 21. Qc4 Bd2 22. Nf3 Bxf4 23. Qxf4 Ne6 24. Qh4 Red7 25. Rac1 Rd3 26. Qc4 Qd5 27. Qxd5 R8xd5 28. Rc8+ Kh7 29. h4 g5 30. Nxg5+ Nxg5 31. hxg5 Rxe5 32. Rc7 Rb3 33. Rxf7 Rxg5 34. Rc1 Rxb2 35. Rcc7 a5 36. Rxb7 Rxb7 37. Rxb7 Rg4 38. Ra7 Rxa4 39. f4 Rxf4 40. Rxa5 Rf6 1/2-1/2

[Event "AZE-ch Prelim 75th"]
[Site "Nakhchivan"]
[Date "2021.05.09"]
[Round "6"]
[White "Mamedov, Nidjat"]
[Black "Gadimbayli, Abdulla Azar"]
[Result "1/2-1/2"]
[WhiteElo "2609"]
[BlackElo "2470"]
[PlyCount "76"]
[EventDate "2021.05.04"]
[EventType "tourn"]
[EventRounds "11"]
[EventCountry "AZE"]
[EventCategory "11"]
[SourceTitle "CBM 202 Extra"]
[Source "ChessBase"]
[SourceDate "2021.07.31"]
[SourceVersion "1"]
[SourceVersionDate "2021.07.31"]
[SourceQuality "1"]

1. e4 e5 2. Nf3 Nf6 3. Nxe5 Nxe4 4. d3 Nf6 5. d4 d6 6. Nf3 d5 7. Bd3 Bd6 8. Qe2+ Qe7 9. Qxe7+ Kxe7 10. 0-0 Re8 11. Nc3 c6 12. Bg5 h6 13. Rae1+ Be6 14. Bd2 Kf8 15. Ne5 Bc7 16. f4 Bb6 17. Be3 Ng4 18. Nxg4 Bxg4 19. Bf2 Rxe1 20. Rxe1 Na6 21. a3 Bd7 22. f5 Bc7 23. g4 Bd6 24. Kg2 Nc7 25. Bg3 Bxg3 26. Kxg3 Re8 27. Rh1 Rc8 28. h4 Ne8 29. Kf4 f6 30. b4 Nd6 31. Rb1 Nb5 32. Nxb5 cxb5 33. h5 Rc3 34. Ra1 Rc8 35. Rb1 Rc3 36. Ra1 Rc8 37. Rb1 Rc3 38. Ra1 Rc8 1/2-1/2

[Event "AZE-ch Prelim 75th"]
[Site "Nakhchivan"]
[Date "2021.05.05"]
[Round "2"]
[White "Mamedov, Nidjat"]
[Black "Sevdimaliyev, Urfan"]
[Result "1-0"]
[WhiteElo "2609"]
[BlackElo "2371"]
[PlyCount "87"]
[EventDate "2021.05.04"]
[EventType "tourn"]
[EventRounds "11"]
[EventCountry "AZE"]
[EventCategory "11"]
[SourceTitle "CBM 202 Extra"]
[Source "ChessBase"]
[SourceDate "2021.07.31"]
[SourceVersion "1"]
[SourceVersionDate "2021.07.31"]
[SourceQuality "1"]

1. e4 c5 2. Nf3 g6 3. d4 cxd4 4. Nxd4 Nc6 5. c4 Nf6 6. Nc3 Nxd4 7. Qxd4 d6 8. Be3 Bg7 9. f3 0-0 10. Qd2 Be6 11. Rc1 Qa5 12. Bd3 Rfc8 13. b3 a6 14. Ne2 Qxd2+ 15. Kxd2 Nd7 16. Nf4 Nc5 17. Be2 a5 18. Rb1 Na6 19. h4 Nb4 20. a3 Na6 21. Rhc1 Nc5 22. b4 axb4 23. axb4 Nd7 24. Nxe6 fxe6 25. f4 Ra2+ 26. Rc2 Rxc2+ 27. Kxc2 e5 28. Bg4 Rxc4+ 29. Kd3 Rc7 30. Be6+ Kh8 31. Ra1 Bf8 32. Ra8 Kg7 33. Rd8 Nf6 34. g4 h5 35. g5 Ng4 36. f5 Nxe3 37. Kxe3 Rc3+ 38. Kd2 Rf3 39. Rd7 Kh8 40. Rxb7 Rf4 41. b5 Rxe4 42. Rb8 Kg7 43. b6 Rb4 44. Kc3 1-0

[Event "Titled Tuesday intern op 9th June"]
[Site "Chess.com INT"]
[Date "2020.06.09"]
[Round "1"]
[White "Mamedov, Nidjat"]
[Black "Kulkarni, Rakesh"]
[Result "1-0"]
[WhiteElo "2609"]
[BlackElo "2321"]
[PlyCount "129"]
[EventDate "2020.06.09"]
[EventType "swiss (blitz)"]
[EventRounds "10"]
[EventCountry "USA"]
[SourceTitle "CBM 196 Extra"]
[Source "ChessBase"]
[SourceDate "2020.07.31"]
[SourceVersion "1"]
[SourceVersionDate "2020.07.31"]
[SourceQuality "1"]

1. e4 c5 2. Nf3 e6 3. d4 cxd4 4. Nxd4 a6 5. Bd3 Nc6 6. Nxc6 dxc6 7. 0-0 e5 8. a4 Nf6 9. Nd2 Bc5 10. Nc4 Qc7 11. a5 0-0 12. Bg5 Ne8 13. Qf3 Be6 14. Rfd1 f6 15. Be3 Bxe3 16. Qxe3 Nd6 17. Nxd6 Qxd6 18. Bc4 Qe7 19. Bxe6+ Qxe6 20. Qb6 Qe7 21. Rd3 Rfd8 22. Rad1 Rxd3 23. Rxd3 h5 24. h4 Rc8 25. c4 Rc7 26. c5 Rd7 27. Rd6 Rxd6 28. cxd6 Qxd6 29. Qxb7 Qd1+ 30. Kh2 Qd2 31. Qc8+ Kh7 32. Qf5+ Kh6 33. f3 Qxb2 34. Qc8 Qf2 35. Kh3 Qc5 36. Qxa6 Qc1 37. Qe2 g5 38. hxg5+ Kxg5 39. Kh2 Qf4+ 40. g3 Qc1 41. a6 Qa1 42. Qd2+ Kg6 43. a7 Qxa7 44. Qd8 Qf2+ 45. Kh3 Qf1+ 46. Kh2 Qe2+ 47. Kh3 Qf1+ 48. Kh2 Qc4 49. Qe8+ Kg7 50. Qd7+ Kh6 51. Qe8 c5 52. Qh8+ Kg6 53. Qe8+ Kg7 54. Qd7+ Kh6 55. Qc8 h4 56. Qh8+ Kg6 57. Qxh4 Qe2+ 58. Kh3 Qf1+ 59. Kh2 Qxf3 60. Qh8 Qe2+ 61. Kg1 Qe3+ 62. Kh2 Qe2+ 63. Kg1 Qxe4 64. Qg8+ Kf5 65. Qh7+ 1-0

[Event "Titled Tuesday intern op 9th June"]
[Site "Chess.com INT"]
[Date "2020.06.09"]
[Round "2"]
[White "Steindl, Johannes"]
[Black "Mamedov, Nidjat"]
[Result "0-1"]
[WhiteElo "2315"]
[BlackElo "2609"]
[PlyCount "130"]
[EventDate "2020.06.09"]
[EventType "swiss (blitz)"]
[EventRounds "10"]
[EventCountry "USA"]
[SourceTitle "CBM 196 Extra"]
[Source "ChessBase"]
[SourceDate "2020.07.31"]
[SourceVersion "1"]
[SourceVersionDate "2020.07.31"]
[SourceQuality "1"]

1. e4 c5 2. Nf3 d6 3. d4 cxd4 4. Nxd4 Nf6 5. Nc3 a6 6. Bg5 e6 7. f4 Qb6 8. Qd2 Qxb2 9. Rb1 Qa3 10. e5 dxe5 11. fxe5 Nfd7 12. Ne4 Qxa2 13. Rd1 Qd5 14. Qe3 Qxe5 15. Be2 h6 16. Bh4 Bc5 17. Bg3 Bxd4 18. Rxd4 Qa5+ 19. Rd2 0-0 20. Bd6 f5 21. Bxf8 Nxf8 22. Qc3 Qxc3 23. Nxc3 Nc6 24. Na4 e5 25. Nb6 Rb8 26. 0-0 Be6 27. c3 e4 28. Bc4 g6 29. Bxe6+ Nxe6 30. Rd6 Re8 31. g4 fxg4 32. Nd7 Kg7 33. Nf6 Re7 34. Nxe4 Ne5 35. Rb1 Nf4 36. Rdb6 Nf7 37. Ng3 Nd8 38. Kf2 h5 39. R1b4 Nd5 40. Rd4 Nxb6 41. Rxd8 a5 42. Rd6 Nc4 43. Rd4 b5 44. Ne4 a4 45. Nc5 a3 46. Rd1 a2 47. Ra1 Ra7 48. Nd3 Ra3 49. Nb4 Rxc3 50. Rxa2 Rb3 51. Nd5 h4 52. Nc7 g3+ 53. hxg3 hxg3+ 54. Kg2 Ne3+ 55. Kxg3 Nd5+ 56. Kg4 Nxc7 57. Rc2 Ne6 58. Rc6 Kf6 59. Rb6 Rb4+ 60. Kg3 g5 61. Kf3 Kf5 62. Kg3 g4 63. Kh4 Rb3 64. Rxb5+ Rxb5 65. Kh5 Rb3 0-1

[Event "Silkway Cup Online"]
[Site "Playchess.com INT"]
[Date "2020.05.26"]
[Round "7"]
[White "Mamedov, Nidjat"]
[Black "Jojua, Davit"]
[Result "0-1"]
[WhiteElo "2609"]
[BlackElo "2557"]
[PlyCount "82"]
[EventDate "2020.05.26"]
[EventType "swiss (blitz)"]
[EventRounds "15"]
[EventCountry "AZE"]
[SourceTitle "CBM 196"]
[Source "ChessBase"]
[SourceDate "2020.06.30"]
[SourceVersion "1"]
[SourceVersionDate "2020.06.30"]
[SourceQuality "1"]

1. e4 c5 2. Nf3 Nc6 3. Bb5 Nf6 4. Nc3 Qc7 5. Bxc6 Qxc6 6. 0-0 Nxe4 7. d4 Nxc3 8. bxc3 d5 9. Re1 Bg4 10. h3 Bxf3 11. Qxf3 e6 12. c4 Rd8 13. Qg3 cxd4 14. cxd5 Qxd5 15. Bf4 g6 16. Be5 Bd6 17. Rad1 0-0 18. f4 Bxe5 19. fxe5 Rc8 20. Rd2 Rc3 21. Qf4 Qc5 22. Kh2 Rxc2 23. Rxc2 Qxc2 24. Qxd4 Qxa2 25. Rc1 Qd5 26. Qf4 b5 27. h4 h5 28. Rc3 b4 29. Rg3 b3 30. Qf6 Qe4 31. Rxb3 Qf5 32. Qe7 Qxe5+ 33. Kh3 Qf5+ 34. Kh2 Qe5+ 35. Kh3 a5 36. Rb7 a4 37. Ra7 Qf5+ 38. Kh2 Qf4+ 39. g3 Qf2+ 40. Kh3 Qf5+ 41. Kh2 Rc8 0-1

[Event "TUR-chT 1st League"]
[Site "Konya"]
[Date "2019.07.28"]
[Round "9.1"]
[White "Kiremitciyan, Ari"]
[Black "Mamedov, Nidjat"]
[Result "0-1"]
[WhiteElo "2245"]
[BlackElo "2615"]
[PlyCount "98"]
[EventDate "2019.07.22"]
[EventType "team-swiss"]
[EventRounds "9"]
[EventCountry "TUR"]
[SourceTitle "CBM 191 Extra"]
[Source "ChessBase"]
[SourceDate "2019.09.30"]
[SourceVersion "1"]
[SourceVersionDate "2019.09.30"]
[SourceQuality "1"]
[WhiteTeam "Bogazici Universitesi"]
[BlackTeam "Bayegan Pendik"]
[WhiteTeamCountry "TUR"]
[BlackTeamCountry "TUR"]

1. c4 Nf6 2. g3 g6 3. Bg2 Bg7 4. Nc3 0-0 5. d4 d6 6. e4 Nc6 7. Nge2 e5 8. d5 Ne7 9. h3 Nd7 10. Be3 f5 11. Qd2 Nf6 12. 0-0-0 a6 13. Kb1 Bd7 14. f4 Nh5 15. fxe5 Bxe5 16. Bd4 Bxd4 17. Qxd4 f4 18. g4 f3 19. Bxf3 Rxf3 20. gxh5 Qf8 21. c5 gxh5 22. cxd6 cxd6 23. Qb6 Ng6 24. Nd4 Rxh3 25. Rhf1 Qd8 26. Qxd6 Bg4 27. Qxd8+ Rxd8 28. Rde1 Ne5 29. Ne6 Re8 30. Nf4 Rf3 31. Rxf3 Nxf3 32. Rh1 h4 33. d6 Rd8 34. e5 Nxe5 35. Rxh4 Rxd6 36. Ncd5 Bf5+ 37. Kc1 Nd3+ 38. Nxd3 Rxd5 39. Ne1 Kg7 40. Rb4 b5 41. a4 h5 42. axb5 axb5 43. Nf3 Bd7 44. Nd4 Kf6 45. b3 Rg5 46. Nf3 Rg4 47. Rxg4 Bxg4 48. Nh2 Ke5 49. Kd2 Kf4 0-1

[Event "TUR-chT 1st League"]
[Site "Konya"]
[Date "2019.07.27"]
[Round "8.1"]
[White "Mamedov, Nidjat"]
[Black "Ikis, Melih Firat"]
[Result "1-0"]
[WhiteElo "2615"]
[BlackElo "1938"]
[PlyCount "97"]
[EventDate "2019.07.22"]
[EventType "team-swiss"]
[EventRounds "9"]
[EventCountry "TUR"]
[SourceTitle "CBM 191 Extra"]
[Source "ChessBase"]
[SourceDate "2019.09.30"]
[SourceVersion "1"]
[SourceVersionDate "2019.09.30"]
[SourceQuality "1"]
[WhiteTeam "Bayegan Pendik"]
[BlackTeam "Aydin Egitim Merkezi"]
[WhiteTeamCountry "TUR"]
[BlackTeamCountry "TUR"]

1. e4 c5 2. Nf3 g6 3. d4 cxd4 4. Nxd4 Bg7 5. c4 Nc6 6. Be3 Qb6 7. Nb3 Qd8 8. Qd2 Nf6 9. f3 0-0 10. Nc3 d6 11. Be2 b6 12. 0-0 Bb7 13. Nd5 Nd7 14. Nd4 Nxd4 15. Bxd4 Rc8 16. Bxg7 Kxg7 17. Rfd1 Ne5 18. Rac1 Kg8 19. Rc3 Re8 20. f4 Nc6 21. Rh3 e6 22. Nc3 Qf6 23. Nb5 Red8 24. Rd3 e5 25. Nxd6 Rc7 26. Nxb7 Rxd3 27. Qxd3 Rxb7 28. Qd6 Qxd6 29. Rxd6 Rc7 30. fxe5 Nxe5 31. b3 Kf8 32. Kf2 Ke7 33. Rd5 f6 34. Ke3 h5 35. Kd4 h4 36. b4 g5 37. c5 Ng6 38. g3 hxg3 39. hxg3 Ne5 40. Bb5 Rc8 41. Rd6 bxc5+ 42. bxc5 Rc7 43. Kd5 Kf7 44. a4 Re7 45. Rd8 Ng6 46. c6 Re5+ 47. Kd4 Re7 48. Bc4+ Kg7 49. Bd5 1-0

[Event "TUR-chT 1st League"]
[Site "Konya"]
[Date "2019.07.26"]
[Round "7.1"]
[White "Sivuk, Vitaly"]
[Black "Mamedov, Nidjat"]
[Result "1-0"]
[WhiteElo "2546"]
[BlackElo "2615"]
[PlyCount "81"]
[EventDate "2019.07.22"]
[EventType "team-swiss"]
[EventRounds "9"]
[EventCountry "TUR"]
[SourceTitle "CBM 191 Extra"]
[Source "ChessBase"]
[SourceDate "2019.09.30"]
[SourceVersion "1"]
[SourceVersionDate "2019.09.30"]
[SourceQuality "1"]
[WhiteTeam "Manisa Turkuaz"]
[BlackTeam "Bayegan Pendik"]
[WhiteTeamCountry "TUR"]
[BlackTeamCountry "TUR"]

1. d4 Nf6 2. c4 g6 3. Nc3 Bg7 4. e4 d6 5. h3 0-0 6. Be3 e5 7. d5 a5 8. g4 Na6 9. Nge2 Nd7 10. Ng3 Ndc5 11. Qd2 Nb4 12. Be2 c6 13. h4 cxd5 14. cxd5 f5 15. gxf5 gxf5 16. Bxc5 dxc5 17. a3 Na6 18. Nh5 Kh8 19. Nxg7 Kxg7 20. Rg1+ Kh8 21. Qh6 Qf6 22. Qxf6+ Rxf6 23. f4 exf4 24. e5 Rg6 25. Rxg6 hxg6 26. Na4 Bd7 27. Nb6 Rd8 28. Rd1 Nc7 29. Bc4 Kg7 30. Kf2 Be6 31. Kf3 Bf7 32. Kxf4 Rh8 33. Rh1 Rd8 34. e6 Rd6 35. Ke5 Rxb6 36. exf7 Nb5 37. Bxb5 Rxb5 38. Ke6 Rxb2 39. Re1 Rb6+ 40. d6 Kf8 41. Rg1 1-0

[Event "TUR-chT 1st League"]
[Site "Konya"]
[Date "2019.07.25"]
[Round "5.1"]
[White "Agamaliev, Gamil"]
[Black "Mamedov, Nidjat"]
[Result "1/2-1/2"]
[WhiteElo "2493"]
[BlackElo "2615"]
[PlyCount "60"]
[EventDate "2019.07.22"]
[EventType "team-swiss"]
[EventRounds "9"]
[EventCountry "TUR"]
[SourceTitle "CBM 191 Extra"]
[Source "ChessBase"]
[SourceDate "2019.09.30"]
[SourceVersion "1"]
[SourceVersionDate "2019.09.30"]
[SourceQuality "1"]
[WhiteTeam "Gokyay Vakfi"]
[BlackTeam "Bayegan Pendik"]
[WhiteTeamCountry "TUR"]
[BlackTeamCountry "TUR"]

1. e4 e5 2. Bc4 Nf6 3. d3 Nc6 4. Nf3 Bc5 5. c3 d6 6. Bb3 a6 7. Nbd2 0-0 8. 0-0 h6 9. h3 Re8 10. Re1 Ba7 11. Nf1 Be6 12. Ng3 d5 13. Qe2 Qd7 14. Nh4 dxe4 15. dxe4 Bxb3 16. axb3 Rad8 17. Nhf5 Qd3 18. Kf1 Qxe2+ 19. Kxe2 Ne7 20. Nxe7+ Rxe7 21. f3 Nh7 22. b4 c6 23. Rd1 Rxd1 24. Kxd1 Nf8 25. Ke2 Rd7 26. Nf1 Ne6 27. g3 h5 28. h4 f6 29. Be3 Bxe3 30. Nxe3 Kf7 1/2-1/2

[Event "TUR-chT 1st League"]
[Site "Konya"]
[Date "2019.07.25"]
[Round "6.1"]
[White "Mamedov, Nidjat"]
[Black "Eminov, Orkhan"]
[Result "1/2-1/2"]
[WhiteElo "2615"]
[BlackElo "2314"]
[PlyCount "92"]
[EventDate "2019.07.22"]
[EventType "team-swiss"]
[EventRounds "9"]
[EventCountry "TUR"]
[SourceTitle "CBM 191 Extra"]
[Source "ChessBase"]
[SourceDate "2019.09.30"]
[SourceVersion "1"]
[SourceVersionDate "2019.09.30"]
[SourceQuality "1"]
[WhiteTeam "Bayegan Pendik"]
[BlackTeam "Ankara Dernegi"]
[WhiteTeamCountry "TUR"]
[BlackTeamCountry "TUR"]

1. e4 c5 2. Nf3 d6 3. d4 cxd4 4. Nxd4 Nf6 5. Nc3 g6 6. Be3 Bg7 7. f3 Nc6 8. Qd2 0-0 9. Bc4 Bd7 10. Bb3 Na5 11. Bh6 Rb8 12. h4 b5 13. h5 Nc4 14. Bxc4 bxc4 15. Bxg7 Kxg7 16. g4 Kg8 17. b3 e5 18. Nde2 Be6 19. Rd1 Rb6 20. Qg5 cxb3 21. cxb3 Qe7 22. 0-0 Nd5 23. Qxe7 Nxe7 24. hxg6 hxg6 25. Rd3 f5 26. gxf5 gxf5 27. Rfd1 Nc8 28. Ng3 Rb7 29. Nxf5 Bxf5 30. exf5 Rxf5 31. Ne4 Rbf7 32. Kg2 Rf4 33. Rc3 Rf8 34. Rd5 Ne7 35. Rxd6 Nf5 36. Rd7 Nh4+ 37. Kg3 Nf5+ 38. Kf2 Nd4 39. Nd2 Rh4 40. Rcc7 a5 41. Rg7+ Kh8 42. Rgf7 Rh2+ 43. Ke3 Nc2+ 44. Kd3 Nb4+ 45. Ke3 Nc2+ 46. Kd3 Nb4+ 1/2-1/2

[Event "EU-Cup 33rd"]
[Site "Antalya"]
[Date "2017.10.12"]
[Round "5.1"]
[White "Stevic, Hrvoje"]
[Black "Mamedov, Nidjat"]
[Result "1/2-1/2"]
[WhiteElo "2616"]
[BlackElo "2596"]
[PlyCount "65"]
[EventDate "2017.10.08"]
[EventType "team-swiss"]
[EventRounds "7"]
[EventCountry "TUR"]
[SourceTitle "CBM 181"]
[Source "ChessBase"]
[SourceDate "2017.11.10"]
[SourceVersion "1"]
[SourceVersionDate "2017.11.10"]
[SourceQuality "1"]
[WhiteTeam "Nice Alekhine"]
[BlackTeam "Genc Ara"]
[WhiteTeamCountry "FRA"]
[BlackTeamCountry "TUN"]

1. e4 e5 2. Nf3 Nf6 3. Nxe5 d6 4. Nf3 Nxe4 5. d4 d5 6. Bd3 Nc6 7. 0-0 Be7 8. Nbd2 Bf5 9. Re1 Nxd2 10. Qxd2 Bxd3 11. Qxd3 0-0 12. c3 a6 13. Bf4 Bd6 14. Ng5 g6 15. Qh3 h5 16. Qg3 Bxf4 17. Qxf4 Qd7 18. Re3 Rae8 19. Rae1 Rxe3 20. Qxe3 Qf5 21. h4 Qg4 22. g3 Qf5 23. Kg2 Kg7 24. Qd2 Qf6 25. Qd1 Qd6 26. Qe2 Rd8 27. Qf3 Qf6 28. Qd1 Qd6 29. Qb3 Na5 30. Qc2 Nc6 31. Nh3 Rd7 32. Nf4 Re7 33. Re2 1/2-1/2

[Event "EU-Cup 33rd"]
[Site "Antalya"]
[Date "2017.10.10"]
[Round "3.1"]
[White "Nisipeanu, Liviu Dieter"]
[Black "Mamedov, Nidjat"]
[Result "1/2-1/2"]
[WhiteElo "2672"]
[BlackElo "2596"]
[PlyCount "69"]
[EventDate "2017.10.08"]
[EventType "team-swiss"]
[EventRounds "7"]
[EventCountry "TUR"]
[SourceTitle "CBM 181"]
[Source "ChessBase"]
[SourceDate "2017.11.10"]
[SourceVersion "1"]
[SourceVersionDate "2017.11.10"]
[SourceQuality "1"]
[WhiteTeam "Baia Mare"]
[BlackTeam "Genc Ara"]
[WhiteTeamCountry "ROU"]
[BlackTeamCountry "TUN"]

1. e4 e5 2. Nf3 Nf6 3. Nxe5 d6 4. Nf3 Nxe4 5. Qe2 Qe7 6. d3 Nf6 7. Nc3 Qxe2+ 8. Bxe2 Be7 9. Bf4 Nc6 10. 0-0-0 Bf5 11. d4 Nb4 12. d5 a5 13. a3 Na6 14. Rhe1 Kd8 15. Nd4 Bd7 16. h3 Re8 17. g4 Nc5 18. Bc4 h6 19. Bg3 Nh7 20. f3 Bg5+ 21. f4 Bf6 22. Rxe8+ Kxe8 23. Re1+ Kf8 24. Ndb5 Bxc3 25. Nxc3 Nf6 26. Bh4 Ne8 27. Kd2 Rb8 28. b4 axb4 29. axb4 Na4 30. Nxa4 Bxa4 31. b5 c6 32. dxc6 bxc6 33. b6 Bb5 34. Bxb5 cxb5 35. Bf2 1/2-1/2

[Event "TUR-chT"]
[Site "Kocaeli"]
[Date "2017.08.04"]
[Round "11.2"]
[White "Mamedov, Nidjat"]
[Black "Mchedlishvili, Mikheil"]
[Result "1/2-1/2"]
[WhiteElo "2589"]
[BlackElo "2602"]
[PlyCount "61"]
[EventDate "2017.07.26"]
[EventType "team-tourn"]
[EventRounds "13"]
[EventCountry "TUR"]
[SourceTitle "CBM 179 Extra"]
[Source "ChessBase"]
[SourceDate "2017.08.23"]
[SourceVersion "1"]
[SourceVersionDate "2017.08.23"]
[SourceQuality "1"]
[WhiteTeam "Panelsan Genc"]
[BlackTeam "Mersin Zeka"]
[WhiteTeamCountry "TUR"]
[BlackTeamCountry "TUR"]

1. e4 e5 2. Nf3 Nc6 3. Bb5 Nf6 4. 0-0 Nxe4 5. Re1 Nd6 6. Nxe5 Be7 7. Bf1 0-0 8. Nf3 Ne8 9. d4 d5 10. h3 Bf5 11. c3 Nf6 12. Bf4 Ne4 13. Nbd2 Bd6 14. Bxd6 Qxd6 15. Nxe4 Bxe4 16. Nd2 Bg6 17. Qf3 Rae8 18. Bd3 Bxd3 19. Qxd3 Nd8 20. Nf3 c6 21. Re3 Rxe3 22. Qxe3 Ne6 23. Re1 Re8 24. Qe5 Qxe5 25. Rxe5 f6 26. Re3 Kf7 27. g3 Nc7 28. Rxe8 Nxe8 29. Kf1 Nd6 30. Nd2 Ke6 31. Ke2 1/2-1/2

[Event "TUR-chT"]
[Site "Kocaeli"]
[Date "2017.07.31"]
[Round "7.2"]
[White "Mamedov, Nidjat"]
[Black "Kanmazalp, Ogulcan"]
[Result "1-0"]
[WhiteElo "2589"]
[BlackElo "2445"]
[PlyCount "75"]
[EventDate "2017.07.26"]
[EventType "team-tourn"]
[EventRounds "13"]
[EventCountry "TUR"]
[SourceTitle "CBM 179 Extra"]
[Source "ChessBase"]
[SourceDate "2017.08.23"]
[SourceVersion "1"]
[SourceVersionDate "2017.08.23"]
[SourceQuality "1"]
[WhiteTeam "Panelsan Genc"]
[BlackTeam "Istanbul Bogazici Univ"]
[WhiteTeamCountry "TUR"]
[BlackTeamCountry "TUR"]

1. e4 c5 2. Nf3 d6 3. d4 cxd4 4. Nxd4 Nf6 5. Nc3 g6 6. Be3 Bg7 7. f3 0-0 8. Qd2 Nc6 9. g4 Be6 10. Nxe6 fxe6 11. 0-0-0 Ne5 12. Be2 Qc8 13. Kb1 Nc4 14. Bxc4 Qxc4 15. Bd4 b5 16. h4 b4 17. Ne2 e5 18. b3 Qb5 19. Be3 Rad8 20. h5 d5 21. hxg6 hxg6 22. Ng3 dxe4 23. Qxd8 Rxd8 24. Rxd8+ Kf7 25. Nxe4 Nxe4 26. fxe4 Qe2 27. Bxa7 g5 28. Bc5 Qxe4 29. Rg1 Qc6 30. Be3 Bf6 31. Rdd1 Ke6 32. Bd2 Qe4 33. Bc1 Qf3 34. Rde1 Qd5 35. Rg3 Kf7 36. Rge3 e4 37. Rxe4 Qc5 38. Bd2 1-0